000
00292nam a22001337a 4500
008
170424b xxu||||| |||| 00| 0 eng d
020
_a
9780762103225
041
_a
eng
080
_a
61
100
_a
4
101
_a
SHM
245
_a
TAKING CHARGE OF ARTHRITIS
_c
KALYN, W
942
_2
udc
_c
BK
999
_c
11818
_d
11818